Biografía de Costa Rica.

Saved in:
Bibliografiske detaljer
Hovedforfatter: Rodríguez Vega, Eugenio (autor)
Format: Bog
Sprog:engelsk
Udgivet: San José, Costa Rica: Costa Rica, 1991.
Udgivelse:6 reimp. de la 1a. edición.
Fag:
Tags: Tilføj Tag
Ingen Tags, Vær først til at tagge denne postø!

MARC

LEADER 00000nam a22000007a 4500
003 CL-VaPUC
005 20231214154037.0
008 220223r1991 ||||| |||| 00| 0 eng d
999 |c 434492  |d 434490 
020 |a 9977-23-457-4 
040 |c Pontificia Universidad Católica de Valparaíso 
082 |a 972.86 ROD 1991   |2 22 
100 1 |a Rodríguez Vega, Eugenio   |e autor   |9 866408 
245 |a Biografía de Costa Rica.  
250 |a 6 reimp. de la 1a. edición. 
260 |a San José, Costa Rica:  |b Costa Rica,   |c 1991. 
300 |a 190 páginas.  
500 |a c.1 Donación Familia Prof. Alejandro Guzmán Brito. 
583 |c 20220223  |k Yessy Stephany Diaz Vidal 
651 0 |a Costa Rica   |x Historia   |9 225304 
942 |2 ddc  |c BK  |n 0 
952 |0 0  |1 0  |2 ddc  |4 0  |6 972_860000000000000_ROD_1991  |7 0  |8 C_AGB  |9 581377  |a BIBDER  |b BIBDER  |d 2022-02-23  |e Donación   |i 5647045  |o 972.86 ROD 1991  |p 5647045  |r 2023-01-25  |t 1  |w 2022-02-23  |y BK_US  |k AGB